000 00568nam a2200181Ia 4500
005 20250923144714.0
008 008 250917s9999 xx 000 0 eng d
037 _aTextual
040 _aDSWL
_beng
_cDSWL
041 _aeng
_2eng
084 _aY31:1.23631'N59t4, N60
_qDSWL
100 _aSindhu, B.S.
_9827574
245 0 _aSocio Economic survey of village devein hissar Dist. Punjab
_cby B.S. Sindhu
260 _aDelhi
_bDelhi
_c1960
300 _a55p.
942 _cTEXL
_hY31:1.23631'N59t4, N60
999 _c1442295
_d1442295